header

Robotics (Record no. 13937)

MARC details
000 -LEADER
fixed length control field 01424nam a2200361 a 4500
082 04 - DEWEY DECIMAL CLASSIFICATION NUMBER
Classification number 629.8/92
245 00 - TITLE STATEMENT
Title Robotics
260 ## - PUBLICATION, DISTRIBUTION, ETC. (IMPRINT)
Place of publication New York :
Name of publisher Nova Science Publishers,
Year of publication c2012.
300 ## - PHYSICAL DESCRIPTION
Number of Pages viii, 362 p. :
Other physical details ill. (some col.).
490 1# - SERIES STATEMENT
Series statement Computer science, technology and applications
650 #0 - SUBJECT ADDED ENTRY--TOPICAL TERM
Topical Term Robots, Industrial.
Topical Term Robotics.
Topical Term Manipulators (Mechanism)
700 1# - ADDED ENTRY--PERSONAL NAME
Personal name Legnani, Giovanni.
Personal name Fassi, Irene.
856 40 - ELECTRONIC LOCATION AND ACCESS
Uniform Resource Identifier http://site.ebrary.com/lib/rucke/Doc?id=10683193

No items available.

© 2026 Rongo University
Contact us: librarian | system librarian | Rongo university